Blacksad: amarillo

Saved in:
Bibliographic Details
Main Authors: Díaz Canales, Juan (Author), Guarnido, Juanjo (Author)
Format: Book
Language:Spanish
Published: Barcelona Norma 2014
Edition:3a. ed
Subjects:
Tags: Add Tag
No Tags, Be the first to tag this record!

MARC

LEADER 00000cam a2200000 a 4500
001 UCE9342
003 CL-VaPUC
008 151016e20140000sp |||||||||||||||||spa|d
020 |a 9788467914252 
082 0 4 |a 741.5  |b DIA  |2 21 
100 0 |a Díaz Canales, Juan  |e author  |9 582163 
700 0 |a Guarnido, Juanjo  |e author  |9 582164 
245 1 0 |a Blacksad: amarillo 
250 |a 3a. ed 
300 |a 56 p 
942 |c BK 
945 |d 20151016 11:50:00  |a dcastane 
260 |a Barcelona  |b Norma  |c 2014 
650 0 |a Cómics  |9 369534 
650 0 |a Literatura juvenil   |9 309909 
650 0 |a Novela gráfica  |9 561356 
583 |a last modification  |c 20151016 11:50:00  |k Rodrigo Vera 
999 |c 361011  |d 361009